| 000 | 01162cam a2200325 i 4500 | ||
|---|---|---|---|
| 001 | 19091174 | ||
| 003 | EG-ScBUE | ||
| 005 | 20230925113422.0 | ||
| 008 | 160512t2017 flu f b 001 0 eng d | ||
| 020 | _a9781138779310 (pbk. : alk. paper) | ||
| 040 |
_aDLC _beng _erda _cDLC _dDLC _dEG-ScBUE |
||
| 082 | 0 | 0 |
_a777.7 _222 _bSHA |
| 100 | 1 |
_aShaw, Susannah, _eauthor. |
|
| 245 | 1 | 0 |
_aStop motion : _bcraft skills for model animation / _cSusannah Shaw. |
| 250 | _aThird edition. | ||
| 264 | 1 |
_aBoca Raton : _bCRC Press, Taylor & Francis Group, _c[2017] |
|
| 264 | 4 | _ac2017 | |
| 300 |
_axiii, 232 pages ; _c24 cm |
||
| 336 |
_atext _btxt _2rdacontent |
||
| 337 |
_aunmediated _bn _2rdamedia |
||
| 338 |
_avolume _bnc _2rdacarrier |
||
| 504 | _aIncludes bibliographical references and index. | ||
| 650 | 7 |
_aStop-motion animation films. _2BUEsh |
|
| 650 | 7 |
_aAnimation (Cinematography) _2BUEsh |
|
| 653 |
_cSeptember2023 _bART _2IA |
||
| 655 | _vReading book | ||
| 906 |
_a7 _bcbc _corignew _d1 _eecip _f20 _gy-gencatlg |
||
| 942 |
_2ddc _cBB |
||
| 999 |
_c30579 _d30550 |
||